[Event "Sampa Chess Open - Local Piso Superior (ao lado da Renner) às 19h00"]
[Site "Shopping Metrô Tatuapé - Rua Domingos Agostim, 91, São Paulo/SP 03306-010"]
[Date "2024.02.03"]
[Round "8"]
[Board "36"]
[White "Regiani, Rafael"]
[Black "Deus Filho, Joaquim De"]
[Result "0-1"]
[WhiteElo "1476"]
[BlackElo "1848"]
[PlyCount "126"]
[EventDate "2024.01.29"]
[EventRounds "9"]
[EventCountry "BRA"]

1. e4 c5 2. Nf3 d6 3. d4 cxd4 4. Nxd4 Nf6 5. Nc3 g6 6. Be3 Bg7 7. Be2 O-O 8. h4 h5
9. Qd2 Ng4 10. Bxg4 Bxg4 11. f3 Bd7 12. O-O-O Nc6 13. Nxc6 bxc6 14. Bh6 Qa5 15. Bxg7
Kxg7 16. g4 hxg4 17. fxg4 Rh8 18. Qd4+ f6 19. g5 Qe5 20. gxf6+ exf6 21. Qxe5 fxe5
22. Rxd6 Be8 23. Re6 Rh5 24. Ne2 Kf7 25. Rd6 Ke7 26. Rd3 Bf7 27. Rhd1 Be6 28. Rg3
Rxh4 29. Rxg6 Rxe4 30. Nc3 Rg4 31. Rg1 Rxg1+ 32. Rxg1 Bd5 33. Nxd5+ cxd5 34. Rg5
Kf6 35. Rh5 a5 36. Kd2 Rb8 37. b3 Rb4 38. c3 Rg4 39. a4 Rg2+ 40. Kc1 Ke6 41. Rh6+
Kf5 42. Ra6 Ke4 43. Rxa5 d4 44. cxd4 exd4 45. Rh5 d3 46. Rh1 Kd4 47. Rh4+ Kc3 48.
Rh1 Ra2 49. Kb1 Rb2+ 50. Ka1 Rxb3 51. Ka2 Rb8 52. Rc1+ Kd4 53. Rd1 Ke3 54. Rh1 d2
55. Rh3+ Ke2 56. Rh2+ Kd3 57. Rh7 d1=Q 58. Rd7+ Kc2 59. Rxd1 Kxd1 60. Ka3 Kc2 61.
a5 Kc3 62. Ka4 Kc4 63. a6 Rb1  0-1

[Event "Sampa Chess Open - Local Piso Superior (ao lado da Renner) às 19h00"]
[Site "Shopping Metrô Tatuapé - Rua Domingos Agostim, 91, São Paulo/SP 03306-010"]
[Date "2024.02.03"]
[Round "8"]
[Board "37"]
[White "Bianchini, Marlon"]
[Black "De Paula, Bruno Cesar Lima"]
[Result "0-1"]
[WhiteElo "1255"]
[BlackElo "1676"]
[PlyCount "76"]
[EventDate "2024.01.29"]
[EventRounds "9"]
[EventCountry "BRA"]

1. e4 e5 2. Nf3 f5 3. Nxe5 Qf6 4. d4 d6 5. Nc4 fxe4 6. Nc3 Qg6 7. Ne3 Be7 8. Bc4
Nf6 9. f3 Nc6 10. O-O Bh3 11. fxe4 O-O-O 12. Rf3 Bg4 13. Nxg4 Qxg4 14. Rf1 Qg6 15.
Bf4 Nxe4 16. Nxe4 Qxe4 17. Bd3 Qxd4+ 18. Kh1 Bf6 19. c3 Qc5 20. Qc2 h6 21. Rae1 Qh5
22. Bg6 Qd5 23. Be4 Qxa2 24. Bxc6 bxc6 25. Ra1 Qc4 26. Qf5+ Kb8 27. Qa5 Qc5 28. Qxc5
dxc5 29. Be3 Rd5 30. Ra5 Be7 31. Rfa1 Rhd8 32. g3 Rd1+ 33. Rxd1 Rxd1+ 34. Kg2 Rb1
35. b4 cxb4 36. Bxa7+ Kb7 37. cxb4 Bxb4 38. Ra2 c5  0-1

[Event "Sampa Chess Open - Local Piso Superior (ao lado da Renner) às 19h00"]
[Site "Shopping Metrô Tatuapé - Rua Domingos Agostim, 91, São Paulo/SP 03306-010"]
[Date "2024.02.03"]
[Round "8"]
[Board "39"]
[White "Pittoli, Vinicius Eduardo Moreir"]
[Black "Terra, Bruno De Oliveira"]
[Result "1/2-1/2"]
[WhiteElo "1648"]
[BlackElo "1800"]
[PlyCount "85"]
[EventDate "2024.01.29"]
[EventRounds "9"]
[EventCountry "BRA"]

1. e4 c6 2. d4 d5 3. Nc3 dxe4 4. Nxe4 Nf6 5. Nxf6+ exf6 6. c3 Be7 7. Bd3 O-O 8. Nf3
Bg4 9. h3 Bh5 10. g4 Bg6 11. Nh4 Bxd3 12. Qxd3 Qd5 13. Rg1 g6 14. c4 Qe6+ 15. Be3
Bb4+ 16. Kf1 Nd7 17. a3 Ba5 18. b4 Bc7 19. Re1 Rfe8 20. Nf5 Nb6 21. Nh6+ Kf8 22.
Rc1 Qe4 23. Qxe4 Rxe4 24. Kg2 Bf4 25. Kf3 Bxe3 26. Kxe4 Bxc1 27. Rxc1 Re8+ 28. Kf3
Kg7 29. g5 f5 30. c5 Nd5 31. Rd1 f6 32. h4 Re4 33. Kg3 Nc3 34. Rd3 Ne2+ 35. Kf3 Nxd4+
36. Kg3 f4+ 37. Kh3 fxg5 38. hxg5 Nc2 39. Rd7+ Kf8 40. Rxb7 Re7 41. Rb8+ Re8 42.
Rb7 Re7 43. Rb8+  1/2-1/2

[Event "Sampa Chess Open - Local Piso Superior (ao lado da Renner) às 19h00"]
[Site "Shopping Metrô Tatuapé - Rua Domingos Agostim, 91, São Paulo/SP 03306-010"]
[Date "2024.02.03"]
[Round "8"]
[Board "41"]
[White "Mattos, Bernardo Cunha"]
[Black "Re, Vinicius"]
[Result "0-1"]
[WhiteElo "1567"]
[BlackElo "1177"]
[PlyCount "68"]
[EventDate "2024.01.29"]
[EventRounds "9"]
[EventCountry "BRA"]

1. c4 Nf6 2. Nc3 g6 3. e4 d6 4. d4 Bg7 5. h3 O-O 6. Be3 Nc6 7. Nf3 e5 8. d5 Ne7 9.
Qd2 Nh5 10. g4 Nf6 11. Be2 Ne8 12. Bh6 f5 13. gxf5 gxf5 14. Bxg7 Nxg7 15. h4 fxe4
16. Nxe4 Bg4 17. Nfg5 Bxe2 18. Qxe2 Nef5 19. O-O-O Nd4 20. Qg4 Rf4 21. Qg2 Kh8 22.
Qh2 Qd7 23. Rxd4 Nf5 24. Nf6 Qg7 25. Rxf4 exf4 26. Nfxh7 Nd4 27. Re1 f3 28. Re4 Ne2+
29. Kb1 Qg6 30. Ka1 Re8 31. Rxe8+ Qxe8 32. a3 Qh5 33. Qh1 Nd4 34. Qc1 Nb3+  0-1

[Event "Sampa Chess Open - Local Piso Superior (ao lado da Renner) às 19h00"]
[Site "Shopping Metrô Tatuapé - Rua Domingos Agostim, 91, São Paulo/SP 03306-010"]
[Date "2024.02.03"]
[Round "8"]
[Board "43"]
[White "Sulz, Isaque Sathler"]
[Black "Goncalves, Ricardo Henrique Silva"]
[Result "1-0"]
[WhiteElo "1516"]
[BlackElo "1800"]
[PlyCount "39"]
[EventDate "2024.01.29"]
[EventRounds "9"]
[EventCountry "BRA"]

1. d4 Nf6 2. Nc3 d6 3. Bf4 g6 4. Nf3 Bg7 5. Qd2 Bg4 6. Bh6 O-O 7. Bxg7 Kxg7 8. Ng5
d5 9. f3 Bc8 10. h4 h6 11. Nh3 h5 12. O-O-O Bf5 13. Nf2 c6 14. e4 Bc8 15. e5 Ng8
16. g4 hxg4 17. fxg4 f6 18. h5 f5 19. hxg6 Qe8 20. Bd3  1-0

[Event "Sampa Chess Open - Local Piso Superior (ao lado da Renner) às 19h00"]
[Site "Shopping Metrô Tatuapé - Rua Domingos Agostim, 91, São Paulo/SP 03306-010"]
[Date "2024.02.03"]
[Round "8"]
[Board "45"]
[White "Brujin, Homero"]
[Black "Ruvieri, Valter"]
[Result "1-0"]
[WhiteElo "1479"]
[BlackElo "1067"]
[PlyCount "105"]
[EventDate "2024.01.29"]
[EventRounds "9"]
[EventCountry "BRA"]

1. d4 d5 2. Nf3 Nf6 3. g3 Bf5 4. Bg2 e6 5. O-O Be7 6. Nbd2 O-O 7. c4 c6 8. Nh4 Bg4
9. h3 Bh5 10. Re1 Nbd7 11. cxd5 exd5 12. Nf5 Bb4 13. Qb3 Qa5 14. Qd1 Bg6 15. Nh4
Be4 16. f3 Bg6 17. Nxg6 fxg6 18. Rf1 Nh5 19. Kh2 Bd6 20. f4 Qc7 21. e3 c5 22. Bxd5+
Kh8 23. Nb3 c4 24. Nd2 Nb6 25. Bg2 c3 26. bxc3 Qxc3 27. Nb3 Qc7 28. Qf3 Rab8 29.
Bd2 Nc4 30. Rac1 b5 31. Rf2 Qf7 32. Qd5 Qe7 33. Qe4 Qd8 34. Qf3 a6 35. Bf1 Rc8 36.
Bxc4 bxc4 37. Na1 g5 38. Qxh5 gxf4 39. exf4 Rb8 40. Rxc4 Rb2 41. Rc2 Rb5 42. Qe2
Re8 43. Qc4 Qb8 44. Nb3 h6 45. Qc6 Rb6 46. Qf3 Rb5 47. Re2 Rf8 48. Na5 g5 49. Nc6
Qb7 50. Re6 Qc7 51. Rxh6+ Kg7 52. Qh5 Qc8 53. Qg6#  1-0

[Event "Sampa Chess Open - Local Piso Superior (ao lado da Renner) às 19h00"]
[Site "Shopping Metrô Tatuapé - Rua Domingos Agostim, 91, São Paulo/SP 03306-010"]
[Date "2024.02.03"]
[Round "8"]
[Board "46"]
[White "Baena, Mauricio"]
[Black "Yokomizo, Wilton"]
[Result "1/2-1/2"]
[WhiteElo "1180"]
[BlackElo "1395"]
[PlyCount "129"]
[EventDate "2024.01.29"]
[EventRounds "9"]
[EventCountry "BRA"]

1. b3 Nf6 2. Bb2 d5 3. e3 Bf5 4. Nf3 Nbd7 5. Be2 e6 6. Nh4 Be4 7. d3 Bg6 8. Nxg6
hxg6 9. Qd2 c6 10. Bf3 Bd6 11. Nc3 Qc7 12. O-O-O O-O-O 13. h3 Ne5 14. Qe2 Qa5 15.
Kb1 Bb4 16. Qe1 c5 17. d4 cxd4 18. exd4 Nxf3 19. gxf3 Rd6 20. Qe3 Kb8 21. Rd3 Rc8
22. Ne2 Ra6 23. a4 Rac6 24. c3 Bd6 25. Kc2 b5 26. Ra1 b4 27. Kd1 Nh5 28. Rc1 bxc3
29. Rcxc3 Qc7 30. Rxc6 Qxc6 31. Rc3 Qb7 32. Bc1 Ka8 33. Rxc8+ Qxc8 34. Qc3 Qxc3 35.
Nxc3 Bf4 36. Be3 a6 37. b4 Bxe3 38. fxe3 Kb7 39. a5 Kc6 40. Ke2 Ng3+ 41. Kf2 Nf5
42. f4 Nd6 43. Kf3 Ne4 44. Nxe4 dxe4+ 45. Kxe4 Kb5 46. Kd3 Kxb4 47. e4 Kxa5 48. Kc4
Kb6 49. h4 a5 50. e5 f6 51. d5 exd5+ 52. Kxd5 fxe5 53. fxe5 Kc7 54. Ke6 a4 55. Kf7
a3 56. e6 a2 57. e7 a1=Q 58. e8=Q Qf6+ 59. Kg8 Kd6 60. Qf8+ Ke6 61. Qxg7 Qd8+ 62.
Qf8 Qxh4 63. Qf7+ Ke5 64. Qxg6 Qd8+ 65. Kg7  1/2-1/2

[Event "Sampa Chess Open - Local Piso Superior (ao lado da Renner) às 19h00"]
[Site "Shopping Metrô Tatuapé - Rua Domingos Agostim, 91, São Paulo/SP 03306-010"]
[Date "2024.02.03"]
[Round "8"]
[Board "47"]
[White "Bomeisel, Pedro Rangel"]
[Black "Navarro, Gustavo Kazuo Yura"]
[Result "1/2-1/2"]
[WhiteElo "1385"]
[BlackElo "1800"]
[PlyCount "53"]
[EventDate "2024.01.29"]
[EventRounds "9"]
[EventCountry "BRA"]

1. e4 c6 2. d4 d5 3. Nc3 dxe4 4. Nxe4 Nf6 5. Nxf6+ exf6 6. Nf3 g6 7. Be2 Bg7 8. O-O
O-O 9. Be3 Be6 10. Qd2 Nd7 11. c4 Nb6 12. b3 Re8 13. Rad1 Rc8 14. Rfe1 Qc7 15. d5
cxd5 16. Bxb6 axb6 17. cxd5 Red8 18. Bc4 Qc5 19. Rc1 Qa3 20. Rc2 Bf5 21. Bd3 Rxc2
22. Qxc2 Bxd3 23. Qxd3 Qd6 24. Rd1 f5 25. Ne1 Bh6 26. a4 Bf4 27. h3  1/2-1/2

[Event "Sampa Chess Open - Local Piso Superior (ao lado da Renner) às 19h00"]
[Site "Shopping Metrô Tatuapé - Rua Domingos Agostim, 91, São Paulo/SP 03306-010"]
[Date "2024.02.03"]
[Round "8"]
[Board "49"]
[White "De Bastiani, Tales Otavio"]
[Black "De Souza, Ricardo Alves"]
[Result "0-1"]
[WhiteElo "1800"]
[BlackElo "1322"]
[PlyCount "100"]
[EventDate "2024.01.29"]
[EventRounds "9"]
[EventCountry "BRA"]

1. c4 c6 2. Nc3 d5 3. cxd5 cxd5 4. d4 Nf6 5. Bf4 Bf5 6. e3 e6 7. Nf3 Nbd7 8. Bd3
Bxd3 9. Qxd3 Be7 10. O-O O-O 11. Ne5 a6 12. h3 Rc8 13. Rac1 b5 14. a3 Nb6 15. Rfe1
Nc4 16. Nxc4 bxc4 17. Qd2 Bd6 18. Bxd6 Qxd6 19. f3 Rb8 20. Rcd1 Rb3 21. e4 Qg3 22.
Rb1 Rfb8 23. Re3 Qg6 24. Kf2 h5 25. Re2 h4 26. Rbe1 Qg3+ 27. Kf1 dxe4 28. Qe3 Rxb2
29. fxe4 Rxe2 30. Qxg3 hxg3 31. Rxe2 Rb3 32. Rc2 Rxa3 33. Ne2 Nxe4 34. Ke1 c3 35.
Rc1 g5 36. Rc2 a5 37. Rc1 a4 38. Rc2 Ra1+ 39. Rc1 Rxc1+ 40. Nxc1 a3 41. Nb3 Kf8 42.
Kd1 Ke7 43. Kc2 f5 44. Nc1 Kd6 45. Na2 Kd5 46. Nxc3+ Nxc3 47. Kxc3 a2 48. Kb2 Kxd4
49. Kxa2 Ke3 50. Kb2 Kf2  0-1

[Event "Sampa Chess Open - Local Piso Superior (ao lado da Renner) às 19h00"]
[Site "Shopping Metrô Tatuapé - Rua Domingos Agostim, 91, São Paulo/SP 03306-010"]
[Date "2024.02.03"]
[Round "8"]
[Board "51"]
[White "Leal, Alexandre Garcia"]
[Black "Damasio, Fabio Ferreira"]
[Result "1-0"]
[WhiteElo "1899"]
[BlackElo "1296"]
[PlyCount "99"]
[EventDate "2024.01.29"]
[EventRounds "9"]
[EventCountry "BRA"]

1. d4 Nf6 2. c4 e6 3. g3 d5 4. Bg2 Be7 5. Nc3 O-O 6. Qb3 c6 7. Bg5 Nbd7 8. Nf3 b6
9. O-O Ba6 10. Nd2 h6 11. Bxf6 Bxf6 12. e3 e5 13. Qa4 Qc8 14. Bh3 Rd8 15. dxe5 Bxe5
16. Rfd1 Bxc3 17. bxc3 b5 18. cxb5 Bxb5 19. Qb4 Qc7 20. Qe7 Rac8 21. c4 Ba4 22. Nb3
Nf6 23. Qa3 Bxb3 24. axb3 Ra8 25. Bg2 Qd6 26. Qxd6 Rxd6 27. e4 Rdd8 28. exd5 cxd5
29. Bxd5 Nxd5 30. Rxd5 Rxd5 31. cxd5 Kf8 32. d6 Rd8 33. Rxa7 Rxd6 34. Ra2 Rd1+ 35.
Kg2 Rb1 36. Ra8+ Ke7 37. Ra7+ Kf6 38. Rb7 Rb2 39. Kf3 g5 40. Rb6+ Kg7 41. b4 f6 42.
Rb7+ Kg6 43. h3 h5 44. Rb8 h4 45. g4 Rb3+ 46. Kg2 Kf7 47. b5 Kg7 48. b6 Rb2 49. b7
Kf7 50. Rh8  1-0

[Event "Sampa Chess Open - Local Piso Superior (ao lado da Renner) às 19h00"]
[Site "Shopping Metrô Tatuapé - Rua Domingos Agostim, 91, São Paulo/SP 03306-010"]
[Date "2024.02.03"]
[Round "8"]
[Board "53"]
[White "Akamine, Giullia Hikari Nishimori"]
[Black "Nicacio, Daniel Ramos"]
[Result "0-1"]
[WhiteElo "1800"]
[BlackElo "1479"]
[PlyCount "90"]
[EventDate "2024.01.29"]
[EventRounds "9"]
[EventCountry "BRA"]

1. e4 e5 2. Nf3 Nc6 3. Be2 Nf6 4. d3 Bc5 5. h3 O-O 6. O-O h6 7. Nbd2 d6 8. c3 Ne7
9. Nh4 Ng6 10. Nxg6 fxg6 11. Nb3 Bb6 12. d4 Nxe4 13. dxe5 Nxf2 14. Qd5+ Kh7 15. Nd4
Qh4 16. Be3 Nxh3+ 17. gxh3 Qg3+ 18. Qg2 Qxe3+ 19. Kh1 Bxh3 20. Qg1 Bxd4 21. Qxe3
Bxe3 22. Rfd1 dxe5 23. Rd3 Bg2+ 24. Kh2 Rf2 25. Rxe3 Bf3+ 26. Kg3 Rxe2 27. Rxf3 Rxb2
28. Rd1 Rxa2 29. Rd7 Rc2 30. Rxc7 a5 31. Rxb7 a4 32. Rc7 a3 33. Rff7 Rg8 34. Rf1
a2 35. Kg4 Rf8 36. Rg1 Rf4+ 37. Kg3 Rf5 38. Re1 Re2 39. Ra1 Rg5+ 40. Kf3 Rgg2 41.
c4 Rgf2+ 42. Kg3 h5 43. c5 g5 44. Ra7 e4 45. c6 Rf3#  0-1

[Event "Sampa Chess Open - Local Piso Superior (ao lado da Renner) às 19h00"]
[Site "Shopping Metrô Tatuapé - Rua Domingos Agostim, 91, São Paulo/SP 03306-010"]
[Date "2024.02.03"]
[Round "8"]
[Board "54"]
[White "Akamine, Isabelle Namie Nishimori"]
[Black "Ruvieri, Daniel Minami"]
[Result "1/2-1/2"]
[WhiteElo "1800"]
[BlackElo "1437"]
[PlyCount "95"]
[EventDate "2024.01.29"]
[EventRounds "9"]
[EventCountry "BRA"]

1. d4 Nf6 2. c4 e6 3. Nc3 Bb4 4. Bd2 O-O 5. a3 Bxc3 6. Bxc3 d6 7. Nf3 b6 8. e3 Bb7
9. Be2 Nbd7 10. O-O c5 11. b4 Qe7 12. dxc5 dxc5 13. Qa4 Ne4 14. Bb2 Ng5 15. Qd1 Nxf3+
16. Bxf3 Bxf3 17. Qxf3 cxb4 18. axb4 Rfc8 19. b5 Qb4 20. Rad1 Nf8 21. Rb1 Qxc4 22.
Qg3 Ng6 23. f4 Qxb5 24. Bxg7 Qd7 25. Bh6 Qe7 26. f5 exf5 27. Rxf5 Qh4 28. Qxh4 Nxh4
29. Rg5+ Ng6 30. h4 f6 31. Rg3 Rc5 32. Rf1 Rh5 33. Bf4 Rxh4 34. Bd6 a5 35. Rxf6 a4
36. Ba3 b5 37. Rb6 Rh5 38. e4 Re8 39. Re3 Rhe5 40. Bb2 Rc5 41. Ba3 Rh5 42. Rb7 Rd8
43. Rf3 Rd1+ 44. Kf2 Rd2+ 45. Kg1 Rg5 46. Rb8+ Kg7 47. Rb7+ Kg8 48. Rb8+  1/2-1/2

[Event "Sampa Chess Open - Local Piso Superior (ao lado da Renner) às 19h00"]
[Site "Shopping Metrô Tatuapé - Rua Domingos Agostim, 91, São Paulo/SP 03306-010"]
[Date "2024.02.04"]
[Round "9"]
[Board "1"]
[White "Perez Gormaz, Matias"]
[Black "Flores Quillas, Diego Saul Rodri"]
[Result "1/2-1/2"]
[WhiteElo "2388"]
[BlackElo "2429"]
[PlyCount "78"]
[EventDate "2024.01.29"]
[EventRounds "9"]
[EventCountry "BRA"]

1. Nf3 Nf6 2. g3 g6 3. b3 Bg7 4. Bb2 c5 5. c4 Nc6 6. Bg2 d6 7. d4 cxd4 8. Nxd4 Bd7
9. O-O O-O 10. Nc3 Rc8 11. Qd2 Qa5 12. Rfd1 Rfd8 13. Rac1 Nxd4 14. Qxd4 Bc6 15. Qd2
h5 16. e4 h4 17. Nd5 Qxd2 18. Rxd2 Bxd5 19. exd5 hxg3 20. hxg3 Nh5 21. Re1 Bxb2 22.
Rxb2 Kf8 23. Rbe2 Rc7 24. Re3 Rb8 25. a4 a6 26. Bf1 a5 27. Bd3 Nf6 28. Kg2 Re8 29.
f4 Nd7 30. Kf3 Nc5 31. Bc2 Kg7 32. g4 e6 33. dxe6 fxe6 34. Rd1 Rd7 35. Kg3 e5 36.
f5 gxf5 37. Bxf5 Rdd8 38. Kh4 Rh8+ 39. Kg5 Rhe8  1/2-1/2

[Event "Sampa Chess Open - Local Piso Superior (ao lado da Renner) às 19h00"]
[Site "Shopping Metrô Tatuapé - Rua Domingos Agostim, 91, São Paulo/SP 03306-010"]
[Date "2024.02.04"]
[Round "9"]
[Board "2"]
[White "Fier, Alexandr"]
[Black "Di Berardino, Diego Rafael"]
[Result "1-0"]
[WhiteElo "2549"]
[BlackElo "2480"]
[PlyCount "131"]
[EventDate "2024.01.29"]
[EventRounds "9"]
[EventCountry "BRA"]

1. Nf3 Nf6 2. c4 e6 3. d4 d5 4. g3 dxc4 5. Bg2 Bb4+ 6. Bd2 a5 7. Qc2 b5 8. a4 Bxd2+
9. Nfxd2 Ra7 10. axb5 Qxd4 11. Qxc4 Qb6 12. Nc3 O-O 13. O-O Bb7 14. Bxb7 Rxb7 15.
Qd3 c6 16. Nc4 Qc5 17. Nxa5 Rd7 18. Qc4 Qxc4 19. Nxc4 cxb5 20. Nxb5 Nc6 21. Rfd1
Rb7 22. Nbd6 Rb4 23. Ra6 Ne7 24. Rda1 Nc8 25. Nxc8 Rxc8 26. Rc6 Rf8 27. Ra7 g5 28.
Kg2 h6 29. Rac7 Nd5 30. Ra7 Nf6 31. h3 Nd5 32. e3 Nf6 33. f4 Nd5 34. Kf3 Rfb8 35.
Rc5 gxf4 36. gxf4 Rb3 37. Ra3 R3b4 38. Ra7 Rb3 39. f5 R3b4 40. Rd7 h5 41. Rd6 Re8
42. fxe6 fxe6 43. Ke4 Rb3 44. Rcc6 Kf7 45. Ne5+ Kg8 46. Rxe6 Rxe6 47. Rxe6 Nxe3 48.
Rg6+ Kh7 49. Rg3 Nc4 50. Rxb3 Nd2+ 51. Kf5 Nxb3 52. Kg5 Kg7 53. Nd3 Kf7 54. Kxh5
Kf6 55. Kg4 Kg6 56. h4 Kh6 57. Ne5 Kg7 58. Kg5 Nd4 59. b4 Ne6+ 60. Kf5 Nc7 61. Ng4
Nb5 62. h5 Na3 63. Kg5 Nb5 64. Ne3 Kf7 65. Nf5 Kg8 66. Kg6  1-0

[Event "Sampa Chess Open - Local Piso Superior (ao lado da Renner) às 19h00"]
[Site "Shopping Metrô Tatuapé - Rua Domingos Agostim, 91, São Paulo/SP 03306-010"]
[Date "2024.02.04"]
[Round "9"]
[Board "3"]
[White "Shumyatsky, Victor"]
[Black "Cunha, Lucas Aguiar"]
[Result "1/2-1/2"]
[WhiteElo "2457"]
[BlackElo "2230"]
[PlyCount "23"]
[EventDate "2024.01.29"]
[EventRounds "9"]
[EventCountry "BRA"]

1. e4 e5 2. Nf3 Nc6 3. Bb5 Nf6 4. O-O Nxe4 5. Re1 Nd6 6. Nxe5 Nxe5 7. Rxe5+ Be7 8.
Bf1 O-O 9. d4 Bf6 10. Re1 Nf5 11. c3 d5 12. Bf4  1/2-1/2

[Event "Sampa Chess Open - Local Piso Superior (ao lado da Renner) às 19h00"]
[Site "Shopping Metrô Tatuapé - Rua Domingos Agostim, 91, São Paulo/SP 03306-010"]
[Date "2024.02.04"]
[Round "9"]
[Board "4"]
[White "Oliveira, Silvio Eduardo"]
[Black "Perdomo, Leandro"]
[Result "1/2-1/2"]
[WhiteElo "2297"]
[BlackElo "2382"]
[PlyCount "126"]
[EventDate "2024.01.29"]
[EventRounds "9"]
[EventCountry "BRA"]

1. e4 e5 2. Nf3 Nc6 3. Bb5 a6 4. Ba4 Nf6 5. O-O d6 6. c3 Bd7 7. d4 g6 8. Bc2 Bg7
9. h3 O-O 10. Be3 Nh5 11. Nbd2 Qe8 12. Re1 Kh8 13. a4 f5 14. dxe5 f4 15. Bd4 dxe5
16. Bc5 Rf6 17. b4 b6 18. b5 axb5 19. axb5 Na7 20. Bb4 Bxb5 21. c4 Bd7 22. Bc3 Rd6
23. c5 bxc5 24. Ra5 Nc6 25. Rxc5 Qe7 26. Rd5 Be6 27. Nc4 Rdd8 28. Nfxe5 Nxe5 29.
Nxe5 Re8 30. Ba4 Rf8 31. Nc6 Qa3 32. Bxg7+ Nxg7 33. Rd4 Qc3 34. Qc1 Qxc1 35. Rxc1
f3 36. g4 Ba2 37. Bd1 Ne6 38. Rd3 Ng5 39. h4 Nh3+ 40. Kf1 Be6 41. Rxf3 Bxg4 42. Rxf8+
Rxf8 43. Bxg4 Nxf2 44. Ke2 Nxg4 45. e5 Re8 46. Kf3 Nxe5+ 47. Nxe5 Rxe5 48. Rxc7 Rf5+
49. Kg3 Kg8 50. Ra7 Rf7 51. Ra6 Kg7 52. Rb6 Rd7 53. Rb3 Re7 54. Ra3 h5 55. Rb3 Re4
56. Rf3 Rg4+ 57. Kh3 Rc4 58. Ra3 Kf6 59. Rf3+ Kg7 60. Kg3 Kh6 61. Kh3 Rc5 62. Kg3
Kg7 63. Rb3 Rf5  1/2-1/2

[Event "Sampa Chess Open - Local Piso Superior (ao lado da Renner) às 19h00"]
[Site "Shopping Metrô Tatuapé - Rua Domingos Agostim, 91, São Paulo/SP 03306-010"]
[Date "2024.02.04"]
[Round "9"]
[Board "5"]
[White "Ticona Rocabado, Licael Roderick"]
[Black "Gemy, Jose Daniel"]
[Result "1-0"]
[WhiteElo "2350"]
[BlackElo "2329"]
[PlyCount "137"]
[EventDate "2024.01.29"]
[EventRounds "9"]
[EventCountry "BRA"]

1. d4 Nf6 2. c4 e6 3. Nf3 Bb4+ 4. Nbd2 O-O 5. e3 b6 6. a3 Be7 7. Bd3 d6 8. O-O Nbd7
9. b3 e5 10. Bb2 Bb7 11. Qc2 exd4 12. exd4 Re8 13. d5 c6 14. dxc6 Bxc6 15. Nd4 Bb7
16. Rfe1 Bf8 17. Rxe8 Qxe8 18. N2f3 Ne5 19. Nxe5 dxe5 20. Re1 e4 21. Bf1 Qb8 22.
g3 a6 23. Bg2 Qe5 24. Ne2 Qf5 25. Bxf6 Qxf6 26. Bxe4 Bxe4 27. Qxe4 Rd8 28. Nf4 Qb2
29. Nd5 Qxb3 30. Re3 Qd1+ 31. Kg2 Qc1 32. Qh4 Rb8 33. Qf4 Rd8 34. Qg5 Rb8 35. Nf6+
Kh8 36. Qf4 Rd8 37. Nxh7 Bc5 38. Re8+ Rxe8 39. Qxc1 Kxh7 40. Qd1 a5 41. a4 Re6 42.
Qd5 Kg8 43. h4 Rd6 44. Qa8+ Kh7 45. Qe4+ g6 46. f4 Rd2+ 47. Kh3 f5 48. Qe1 Rd6 49.
Qe7+ Kg8 50. h5 gxh5 51. Qg5+ Kh7 52. Qxf5+ Rg6 53. Qf7+ Kh6 54. f5 Rg4 55. f6 Bd6
56. Qe6 Rxg3+ 57. Kh2 Rd3+ 58. Kg2 Rd2+ 59. Kf3 Bc5 60. f7+ Kg7 61. f8=Q+ Bxf8 62.
Qxb6 Bb4 63. c5 h4 64. Kg4 Rd4+ 65. Kh3 Rc4 66. Qc7+ Kf8 67. Qd8+ Kg7 68. Qe7+ Kh8
69. Qf8+  1-0

[Event "Sampa Chess Open - Local Piso Superior (ao lado da Renner) às 19h00"]
[Site "Shopping Metrô Tatuapé - Rua Domingos Agostim, 91, São Paulo/SP 03306-010"]
[Date "2024.02.04"]
[Round "9"]
[Board "6"]
[White "Santiago, Yago De Moura"]
[Black "Ribeiro, Matheus Mendes Domingues"]
[Result "1/2-1/2"]
[WhiteElo "2467"]
[BlackElo "2130"]
[PlyCount "162"]
[EventDate "2024.01.29"]
[EventRounds "9"]
[EventCountry "BRA"]

1. d4 d5 2. c4 e6 3. Nf3 Nf6 4. g3 dxc4 5. Bg2 c5 6. Qa4+ Bd7 7. Qxc4 b5 8. Qd3 Na6
9. O-O Rc8 10. e4 cxd4 11. Nxd4 Qb6 12. e5 Nb4 13. Qd1 Nfd5 14. a3 Rxc1 15. Qxc1
Nd3 16. Qd2 Qxd4 17. Rd1 Bc5 18. Qxd3 Qxf2+ 19. Kh1 Bc6 20. Nc3 Qxg2+ 21. Kxg2 Nf4+
22. Kf1 Nxd3 23. Rxd3 f6 24. Rc1 fxe5 25. Nd1 Be4 26. Rdc3 O-O+ 27. Ke1 Bd4 28. Rc8
a5 29. Rxf8+ Kxf8 30. Rc8+ Kf7 31. Nc3 Bd3 32. Rb8 Bxc3+ 33. bxc3 a4 34. Kd2 e4 35.
Ke3 Kf6 36. Rf8+ Ke7 37. Rh8 h6 38. g4 Kf7 39. h4 Kf6 40. Rf8+ Ke7 41. Rf2 g5 42.
hxg5 hxg5 43. Kd4 Kd6 44. Rf6 Be2 45. Rg6 Bxg4 46. Rxg5 Be2 47. Kxe4 Bc4 48. Rh5
Be2 49. Rh2 Bc4 50. Rh8 Be2 51. Rd8+ Kc5 52. Rc8+ Kd6 53. Kd4 Bc4 54. Re8 Kd7 55.
Ra8 Kc6 56. Ra6+ Kd7 57. Kc5 e5 58. Rb6 e4 59. Kd4 Bd3 60. Ra6 Kc7 61. c4 Bxc4 62.
Kxe4 Kb7 63. Rh6 Kc7 64. Kd4 Kb7 65. Kc5 Be2 66. Rh7+ Ka6 67. Re7 Bf1 68. Re1 Bd3
69. Kc6 Bc4 70. Re5 Bf1 71. Kc7 Bc4 72. Rg5 Bf1 73. Rg6+ Ka5 74. Rf6 b4 75. Rxf1
bxa3 76. Kc6 Kb4 77. Rf4+ Kb3 78. Kb5 a2 79. Rb4+ Kc2 80. Rxa4 Kb2 81. Rxa2+ Kxa2
 1/2-1/2

[Event "Sampa Chess Open - Local Piso Superior (ao lado da Renner) às 19h00"]
[Site "Shopping Metrô Tatuapé - Rua Domingos Agostim, 91, São Paulo/SP 03306-010"]
[Date "2024.02.04"]
[Round "9"]
[Board "7"]
[White "Awoki, Daniel Teidi"]
[Black "Filgueiras, Nathan Felipe"]
[Result "0-1"]
[WhiteElo "2152"]
[BlackElo "2321"]
[PlyCount "110"]
[EventDate "2024.01.29"]
[EventRounds "9"]
[EventCountry "BRA"]

1. e4 e5 2. Nf3 Nc6 3. Bc4 Nf6 4. d3 h6 5. O-O d6 6. c3 g5 7. Re1 g4 8. Nfd2 h5 9.
Nf1 h4 10. Bg5 Be7 11. d4 Rh5 12. Bxf6 Bxf6 13. d5 Ne7 14. Be2 Rg5 15. g3 Ng8 16.
c4 Kf8 17. Nc3 Kg7 18. Qc2 Nh6 19. b4 Be7 20. Ne3 f5 21. exf5 Nxf5 22. Nxf5+ Bxf5
23. Bd3 Qd7 24. Ne4 Rh5 25. Re2 a5 26. b5 b6 27. Rf1 Rf8 28. Qd1 Qe8 29. Re3 Qg6
30. Nc3 Bg5 31. Bxf5 Qxf5 32. Re4 hxg3 33. fxg3 Qxf1+ 34. Qxf1 Rxf1+ 35. Kxf1 Rxh2
36. c5 dxc5 37. Rxe5 Bf6 38. Re2 Rh5 39. Ne4 Rxd5 40. Nf2 c4 41. Re4 Rxb5 42. Rxg4+
Kf7 43. Rxc4 c5 44. a4 Rb4 45. Rf4 Ke6 46. Nd3 Rb1+ 47. Ke2 Bd4 48. Rf8 Kd5 49. Rb8
Kc4 50. Kd2 Rg1 51. Nc1 Rxg3 52. Ne2 Rb3 53. Nxd4 Kxd4 54. Kc2 Rb4 55. Rb7 Ke5  0-1